Statystyki dla Firmy traktorów w Farming Simulator 22

Kliknij tutaj aby rozwiązać quiz!

Ogólne statystyki

  • Ten quiz został rozwiązany 536 razy
  • Średni wynik to 8 z 43

Statystyki odpowiedzi

Odpowiedź% Poprawnych
New Holland
78%
John Deere
75%
Claas
68%
Zetor
63%
Fendt
59%
Massey Ferguson
51%
Valtra
47%
Deutz Fahr
42%
JCB
38%
Case IH
35%
Landini
31%
Steyr
21%
Lizard
19%
Man
18%
McCormick
18%
Challenger
14%
Lindner
10%
Mack
10%
Iseki
9%
Rigitrac
8%
Ropa
8%
Buhrer
7%
AEBI
6%
Krone
6%
Manitou
6%
Mahindra
5%
Rostselmash
5%
Kuhn
4%
Ponsse
4%
Faresin
3%
Hardi
3%
Jenz
3%
Versatile
3%
Komatsu
2%
Ploeger
2%
Rottne
2%
Siloking
2%
Berthoud
1%
Jungheinrich
1%
Prinoth
1%
Schaffer
1%
Strautmann
1%
Vervaet
1%

Rozkład punktacji

Percentyl według liczby udzielonych odpowiedzi

Procent ludzi z każdym wynikiem

Twoja historia wyników

Nie rozwiązałeś tego quizu